000
00263nam a2200097Ia 4500
008
190216s9999||||xx |||||||||||||| ||und||
100
_a
Lorence Wells
245
0
_a
Observers Book Of Fresh Water Fishes
260
_b
Publications Division Govt. Of India
942
_c
BK
999
_c
37329
_d
37329